[Event "11th WUCC Men"]
[Site "Zuerich SUI"]
[Date "2010.09.08"]
[Round "6"]
[White "Popovic,Du"]
[Black "Kurmann,O"]
[Result "1-0"]
[WhiteElo "2565"]
[BlackElo "2452"]
[EventDate "2010.09.05"]

1. e4 d6 2. Nc3 Nf6 3. f4 d5 4. e5 d4 5. Nce2 Nd5 6. d3 c5 7. Nf3 Nc6 8. g3
Bf5 9. Bg2 Qd7 10. h3 h5 11. Nh4 e6 12. Nxf5 exf5 13. h4 Be7 14. O-O g6 15.
c4 dxc3 16. bxc3 O-O 17. Kh2 Rfd8 18. d4 cxd4 19. cxd4 Na5 20. Rb1 Rac8 21.
Rf3 b5 22. Rd3 b4 23. Bd2 Qb5 24. Be1 Nc6 25. Nc3 Nxc3 26. Bxc3 Qc4 27. Bb2
Rd5 28. Rc1 Qb5 29. Bxd5 Qxd5 30. Qb3 1-0

[Event "11th WUCC Men"]
[Site "Zuerich SUI"]
[Date "2010.09.08"]
[Round "6"]
[White "Mekhitarian,K"]
[Black "Ahmadinia,E"]
[Result "0-1"]
[WhiteElo "2550"]
[BlackElo "2436"]
[EventDate "2010.09.05"]

1. e4 g6 2. d4 Bg7 3. Nc3 d6 4. f4 a6 5. Nf3 b5 6. Bd3 Nd7 7. e5 c5 8. Be4
Rb8 9. Be3 b4 10. Na4 Qc7 11. c3 Nh6 12. O-O Bb7 13. Bxb7 Rxb7 14. Kh1 O-O
15. Rc1 Nf5 16. Bf2 Rd8 17. Qe2 Qa5 18. b3 bxc3 19. e6 cxd4 20. exd7 e5 21.
Ne1 Rbxd7 22. Nd3 f6 23. Rfe1 Rf7 24. Rxc3 Re8 25. Rcc1 h5 26. a3 Qd5 27.
Qc2 Rb8 28. Nb4 Qb7 29. Qc4 a5 30. Nc6 Rc8 31. Qd5 Kh7 32. b4 axb4 33. axb4
Rfc7 34. b5 Ne7 35. Qxd6 Nxc6 36. Rxc6 Rxc6 37. bxc6 Rxc6 38. Qd5 Qc7 39.
fxe5 fxe5 40. Nb2 Rc2 41. Nd3 Rd2 42. Qb3 Qc3 43. Qxc3 dxc3 44. Re3 c2 45.
Nc1 Rxf2 46. Kg1 Rd2 0-1

[Event "11th WUCC Men"]
[Site "Zuerich SUI"]
[Date "2010.09.08"]
[Round "6"]
[White "Burg,T"]
[Black "Jumabayev,R"]
[Result "0-1"]
[WhiteElo "2455"]
[BlackElo "2547"]
[EventDate "2010.09.05"]

1. e4 c5 2. Nf3 d6 3. d4 Nf6 4. Nc3 cxd4 5. Nxd4 Nc6 6. Bg5 e6 7. Qd2 Qb6
8. Nb3 a6 9. O-O-O Qc7 10. Kb1 b5 11. Bxf6 gxf6 12. Bxb5 axb5 13. Nxb5 Qb8
14. Nxd6+ Bxd6 15. Qxd6 Qxd6 16. Rxd6 Ne5 17. f4 Nd7 18. Rhd1 Ke7 19. c4
Rg8 20. g3 e5 21. c5 exf4 22. gxf4 Rg4 23. c6 Nf8 24. c7 Ne6 25. Rb6 Rxf4
26. Rc1 Ra7 27. Rb8 Kd7 28. Rd1+ Kxc7 29. Rb5 Bb7 30. Rc1+ Kd6 31. Rd1+ Ke7
32. e5 Be4+ 33. Ka1 Bc2 34. exf6+ Kxf6 35. Rc1 Rxa2+ 36. Kxa2 Ra4+ 0-1

[Event "11th WUCC Men"]
[Site "Zuerich SUI"]
[Date "2010.09.08"]
[Round "6"]
[White "Pitra,Andika"]
[Black "Miljkovic,Mir1"]
[Result "0-1"]
[WhiteElo "2283"]
[BlackElo "2510"]
[EventDate "2010.09.05"]

1. e4 c5 2. Nc3 Nc6 3. g3 g6 4. Bg2 Bg7 5. d3 e6 6. Be3 Nd4 7. Nce2 Ne7 8.
c3 Nxe2 9. Nxe2 d6 10. d4 Qc7 11. Qd2 b6 12. e5 d5 13. O-O Ba6 14. Rfe1
Bxe2 15. Rxe2 O-O 16. Bh6 cxd4 17. cxd4 Bxh6 18. Qxh6 Qc4 19. Rd2 Rac8 20.
h4 Nf5 21. Qf4 Qc7 22. h5 f6 23. hxg6 hxg6 24. Qg4 Kg7 25. exf6+ Rxf6 26.
Bf1 Nh6 27. Qg5 Rf5 28. Qe3 Re8 29. Bd3 Ng4 30. Qe2 Nxf2 31. Bxf5 Qxg3+ 32.
Kf1 Ne4 33. Bxe4 Rf8+ 34. Qf2 Rxf2+ 35. Rxf2 dxe4 36. Re1 Qd3+ 37. Kg2 Qxd4
38. b3 Qd5 39. Kf1 Qd3+ 40. Kg2 Qd5 41. Kf1 a5 42. Re3 Qd1+ 43. Kg2 Qg4+
44. Rg3 Qh5 45. Re3 Qd5 46. Kf1 b5 47. Kg2 g5 48. Kg3 Kg6 49. Kg2 Qd4 50.
Rg3 Qc5 51. Kf1 Qd5 52. Re3 g4 53. Kg2 Kg5 54. Kg3 Qd6+ 55. Kg2 Qd4 56. Re1
e3 57. Rfe2 Kf4 58. Rf1+ Ke4 59. Kg3 Qe5+ 60. Kxg4 Qg7+ 61. Kh4 e5 62. Rfe1
Qh6+ 63. Kg4 Qf4+ 64. Kh3 Kd3 65. Rg2 0-1

[Event "11th WUCC Men"]
[Site "Zuerich SUI"]
[Date "2010.09.08"]
[Round "6"]
[White "Nestorovic,N"]
[Black "Megaranto,S"]
[Result "1/2-1/2"]
[WhiteElo "2420"]
[BlackElo "2516"]
[EventDate "2010.09.05"]

1. e4 c6 2. d4 d5 3. e5 c5 4. Ne2 cxd4 5. Nxd4 Nc6 6. Bb5 Bd7 7. Nf3 e6 8.
c4 a6 9. cxd5 axb5 10. dxc6 Bxc6 11. O-O Bc5 12. Qe2 Ne7 13. Nc3 Qb6 14.
Ne4 O-O 15. Nxc5 Qxc5 16. Be3 Qd5 17. Rfd1 Qe4 18. Qd3 Qxd3 19. Rxd3 Ng6
20. Bc5 Rfc8 21. Bd6 Bxf3 22. Rxf3 Rxa2 23. Ra3 Rxb2 24. Ra8 Rbc2 25. g3 f6
26. f4 fxe5 27. fxe5 b4 28. Rxc8+ Rxc8 29. Ra7 b3 30. Rxb7 Rc1+ 31. Kg2
Rc2+ 32. Kh3 b2 33. Rb8+ Kf7 34. Rb7+ Ke8 35. Ba3 b1=Q 36. Rxb1 Nxe5 37.
Bb2 Re2 38. Bxe5 Rxe5 39. Rb7 Kf8 40. g4 h5 41. gxh5 Rxh5+ 42. Kg3 Rf5 43.
Kg4 Rf7 44. Rb1 Ke7 45. h4 Rf2 46. Rb8 Kf7 47. h5 Rf1 48. Rh8 Rg1+ 49. Kf4
Rh1 50. Kg5 Rf1 51. Kg4 Rf5 52. Ra8 Kf6 53. Rf8+ Ke5 54. Rg8 Rf1 55. Kh3
Rh1+ 56. Kg2 Rxh5 57. Rxg7 Kf4 58. Rg3 e5 59. Ra3 e4 60. Kf1 Rh1+ 61. Ke2
Rh2+ 62. Ke1 Rb2 63. Rc3 e3 1/2-1/2

[Event "11th WUCC Men"]
[Site "Zuerich SUI"]
[Date "2010.09.08"]
[Round "6"]
[White "Ma Yu"]
[Black "Roganovic,Milo"]
[Result "0-1"]
[WhiteElo "2332"]
[BlackElo "2497"]
[EventDate "2010.09.05"]

1. d4 Nf6 2. Bg5 d5 3. Bxf6 gxf6 4. e3 c5 5. dxc5 Qa5+ 6. Nc3 e6 7. Qd4 Bg7
8. Bb5+ Nc6 9. Qa4 Qc7 10. Nge2 O-O 11. O-O Ne7 12. Qa3 Rd8 13. Ba4 a6 14.
b4 e5 15. Rad1 Be6 16. Bb3 a5 17. b5 Bf8 18. e4 d4 19. Bxe6 fxe6 20. Na4
Ng6 21. Qb3 Kf7 22. Qh3 h6 23. Rd3 Bxc5 24. Rg3 Rg8 25. Qh5 Bd6 26. c4 Rg7
27. c5 Bxc5 28. Nxc5 Qxc5 29. Rc1 Qd6 30. Qxh6 d3 31. Qd2 Rd8 32. Nc3 Qd4
33. Rd1 Nf4 34. Rxg7+ Kxg7 35. Kf1 Ne2 36. Nb1 Qxe4 37. Qe3 Qxe3 38. fxe3
e4 39. Ke1 f5 0-1

[Event "11th WUCC Men"]
[Site "Zuerich SUI"]
[Date "2010.09.08"]
[Round "6"]
[White "Poobalasingam,P"]
[Black "Darini,P"]
[Result "1-0"]
[WhiteElo "2330"]
[BlackElo "2430"]
[EventDate "2010.09.05"]

1. d4 Nf6 2. c4 g6 3. g3 d5 4. cxd5 Nxd5 5. Bg2 Bg7 6. Nc3 Nb6 7. Nf3 Nc6
8. e3 O-O 9. O-O Re8 10. Re1 a5 11. Qe2 a4 12. Rd1 Ra5 13. Rb1 Be6 14. Nd2
Qc8 15. b4 axb3 16. Nxb3 Bc4 17. Qb2 Rh5 18. f4 e5 19. fxe5 Qg4 20. Qf2 f6
21. Bf3 Qh3 22. Qg2 Qc8 23. g4 Rh4 24. exf6 Bxf6 25. h3 Rf8 26. Ne4 Be7 27.
Bd2 Bd3 28. Rbc1 Nc4 29. Nf2 Nxd2 30. Nxd2 Bb5 31. Nde4 Nb4 32. Nc3 Bc6 33.
d5 Bd7 34. Nfe4 Qe8 35. Qg3 Rh6 36. a3 Na6 37. Bg2 Bh4 38. Qh2 Bxg4 39. Rf1
Bf5 40. Qf4 g5 41. Qxf5 Rxf5 42. Rxf5 g4 43. hxg4 Rg6 44. g5 h6 45. d6 Bxg5
46. Nd5 Bxe3+ 47. Kf1 Qb5+ 48. Ke1 Qa5+ 49. Rc3 Kg7 50. Nxe3 c5 51. Rd5 Re6
52. Kd2 Qd8 53. Ng3 Kh8 54. Ngf5 b6 55. Rc1 Nb8 56. Rh1 Qg5 57. d7 Nc6 58.
Rh3 Nd8 59. Nxh6 Qf4 60. Nf7+ Kg7 61. Nxd8 Qf2+ 62. Kd3 c4+ 63. Nxc4 Qe2+
64. Kc3 Qe1+ 65. Rd2 Qa1+ 66. Kb3 Qb1+ 67. Nb2 Re5 68. Ne6+ 1-0

[Event "11th WUCC Men"]
[Site "Zuerich SUI"]
[Date "2010.09.08"]
[Round "6"]
[White "Erdene,G"]
[Black "Panjwani,R"]
[Result "1/2-1/2"]
[WhiteElo "2323"]
[BlackElo "2429"]
[EventDate "2010.09.05"]

1. d4 Nf6 2. Nf3 d6 3. g3 g6 4. Bg2 Bg7 5. O-O O-O 6. Bg5 Ne4 7. Bf4 c5 8.
c3 cxd4 9. cxd4 Qb6 10. Nbd2 Nxd2 11. Qxd2 Bf5 12. Rac1 Be4 13. Qe3 Bxf3
14. Bxf3 e6 15. Qa3 d5 16. Bd6 Re8 17. e3 Bf8 18. Bc5 Bxc5 19. dxc5 Qc6 20.
Be2 Nd7 21. b4 a6 22. Qb3 b5 1/2-1/2

[Event "11th WUCC Men"]
[Site "Zuerich SUI"]
[Date "2010.09.08"]
[Round "6"]
[White "Purnama,T"]
[Black "Munkhgal,G"]
[Result "1-0"]
[WhiteElo "2400"]
[BlackElo "2288"]
[EventDate "2010.09.05"]

1. Nf3 Nf6 2. d4 d5 3. c4 c6 4. Nc3 dxc4 5. a4 Bf5 6. Ne5 e6 7. f3 Bb4 8.
e4 Bxe4 9. fxe4 Nxe4 10. Bd2 Qxd4 11. Nxe4 Qxe4+ 12. Qe2 Bxd2+ 13. Kxd2
Qd5+ 14. Kc2 Na6 15. Nxc4 O-O 16. Qe5 f6 17. Qxd5 cxd5 18. Nd6 Nb4+ 19. Kb3
Nc6 20. Rc1 Rab8 21. Ka3 Na5 22. Rc5 b6 23. Rc7 Rfd8 24. Nb5 Rbc8 25. Rxc8
Rxc8 26. Bd3 a6 27. Nd4 e5 28. Nf5 Rc7 29. Bxa6 d4 30. Bd3 g6 31. Nd6 f5
32. Nb5 Rc8 33. b4 Nb7 34. Kb3 Kg7 35. Bc4 Rd8 36. Rd1 Kf6 37. Nc7 e4 38.
Nd5+ Ke5 39. Nxb6 d3 40. Kc3 Rd6 41. a5 Rc6 42. a6 Nd6 43. Nd7+ Kf4 44. Nc5
Nc8 45. Bd5 Rb6 46. Bb7 Nd6 47. Nd7 Nb5+ 48. Kc4 Rd6 49. Kxb5 e3 50. Nc5 e2
51. Nxd3+ Rxd3 52. Re1 1-0

[Event "11th WUCC Men"]
[Site "Zuerich SUI"]
[Date "2010.09.08"]
[Round "6"]
[White "Kuipers,S"]
[Black "Wyss,J"]
[Result "1/2-1/2"]
[WhiteElo "2370"]
[BlackElo "2270"]
[EventDate "2010.09.05"]

1. e4 e6 2. d4 d5 3. Nc3 Bb4 4. e5 c5 5. a3 Bxc3+ 6. bxc3 Ne7 7. Qg4 O-O 8.
Bd3 f5 9. exf6 Rxf6 10. Bg5 Rf7 11. Qh5 g6 12. Qd1 e5 13. dxe5 Nbc6 14. Bf6
Qc7 15. f4 c4 16. Be2 Nf5 17. Bf3 Ne3 18. Qd2 Qb6 19. Ne2 Bf5 20. Rc1 Bg4
21. Bxg4 Nxg2+ 22. Kf1 Ne3+ 23. Ke1 Ng2+ 24. Kf1 Ne3+ 25. Ke1 Ng2+ 1/2-1/2

[Event "11th WUCC Men"]
[Site "Zuerich SUI"]
[Date "2010.09.08"]
[Round "6"]
[White "Hindermann,F"]
[Black "Swinkels,R"]
[Result "1/2-1/2"]
[WhiteElo "2303"]
[BlackElo "2478"]
[EventDate "2010.09.05"]

1. e4 c5 2. c3 Nf6 3. e5 Nd5 4. d4 cxd4 5. Qxd4 e6 6. Qe4 Nc6 7. Nf3 f5 8.
Qe2 Qc7 9. g3 b5 10. Bg2 a5 11. O-O Ba6 12. Nh4 g6 13. Bxd5 exd5 14. Re1
Bg7 15. Nxf5 gxf5 16. Qh5+ Kf8 17. Qxf5+ Kg8 18. e6 Rf8 19. Qxd5 dxe6 20.
Qxe6+ Qf7 21. Bf4 Qxe6 22. Rxe6 Rf6 23. Rxf6 Bxf6 24. Nd2 Kf7 25. Ne4 Be7
26. Bd6 Bb7 27. Re1 Rd8 28. Bxe7 Nxe7 29. Ng5+ Ke8 30. Kf1 h6 31. Ne6 Rd2
32. Re2 Rd7 33. Ke1 Bd5 34. Nd4 Kf7 35. Nxb5 Bxa2 36. Nd4 Bd5 37. Re5 a4
38. f4 Rb7 39. Re2 Kf6 40. Kf2 Nc6 41. Nxc6 Bxc6 42. g4 Rg7 43. Rd2 Ke7 44.
h3 h5 45. Re2+ Kd6 46. Kg3 hxg4 47. hxg4 Bd7 48. g5 Rh7 49. Kf3 Bf5 50. Re5
Bc2 51. Rb5 Kc6 52. Rb4 Kc5 53. Kg4 Rh2 54. Kg3 Rh1 55. Kg4 Rg1+ 56. Kh5
Rh1+ 57. Kg4 Bb3 58. f5 Rh2 59. f6 Rxb2 60. f7 Rg2+ 61. Kh3 Rf2 62. g6 Be6+
63. Kg3 Rf6 64. Rg4 a3 65. Kh4 a2 66. Ra4 Rf1 67. Kg5 Kb5 68. Ra7 Kb6 69.
Ra4 Bb3 70. Ra3 Bxf7 71. gxf7 Rxf7 1/2-1/2

[Event "11th WUCC Men"]
[Site "Zuerich SUI"]
[Date "2010.09.08"]
[Round "6"]
[White "Bueno,Alfe"]
[Black "Pacher,M"]
[Result "1-0"]
[WhiteElo "2292"]
[BlackElo "2449"]
[EventDate "2010.09.05"]

1. e4 e5 2. f4 Bc5 3. Nf3 d6 4. c3 Nf6 5. d4 exd4 6. cxd4 Bb6 7. Nc3 O-O 8.
Bd3 Bg4 9. Be3 Nc6 10. Bc2 Re8 11. Qd2 Ba5 12. h3 Bxf3 13. gxf3 b5 14. d5
b4 15. Ne2 b3 16. Nc3 bxc2 17. dxc6 Rb8 18. Qxc2 Nd5 19. Ke2 Nxe3 20. Kxe3
d5 21. Rad1 Bb6+ 22. Kd2 dxe4+ 23. Kc1 Qf6 24. Nd5 Qe6 25. fxe4 Qxe4 26.
Qxe4 Rxe4 27. Kb1 f5 28. Nxb6 Rxb6 29. Rd8+ Kf7 30. Rd7+ Re7 31. Rc1 Ke8
32. Rd5 g6 33. h4 Re2 34. b3 Ra6 35. a4 Rb6 36. Rc3 Re4 37. Kb2 Rxf4 38. a5
Ra6 39. Ka3 Ke7 40. b4 Ke6 41. Rd8 Rxh4 42. Ka4 f4 43. Kb5 Rxc6 44. Rxc6+
Kf5 45. Rxc7 g5 46. Rxa7 g4 47. Rf7+ Ke4 48. a6 1-0

[Event "11th WUCC Men"]
[Site "Zuerich SUI"]
[Date "2010.09.08"]
[Round "6"]
[White "Nadj Hedjesi,B"]
[Black "Surya,W"]
[Result "1-0"]
[WhiteElo "2407"]
[BlackElo "2233"]
[EventDate "2010.09.05"]

1. e4 c5 2. Nc3 d6 3. Nge2 a6 4. d4 cxd4 5. Nxd4 Nf6 6. Rg1 e5 7. Nb3 Be6
8. g4 d5 9. exd5 Nxd5 10. Nxd5 Qxd5 11. Qxd5 Bxd5 12. Be3 Nd7 13. O-O-O
Bxb3 14. axb3 O-O-O 15. Bc4 f6 16. Be6 Kc7 17. Rd5 Be7 18. Rgd1 Nb8 19. f4
Rxd5 20. Rxd5 Rd8 21. fxe5 Rxd5 22. exf6 Bxf6 23. Bxd5 g5 24. Kd2 h6 25. c3
Nd7 26. h3 b6 27. b4 Ne5 28. Bf2 Ng6 29. Bg2 Nf4 30. Bf1 a5 31. bxa5 bxa5
32. Kc2 Bd8 33. Bd4 Kd6 34. Kd2 Ne6 35. Bf2 Nc5 36. Bg3+ Kc6 37. Be5 Kd5
38. Bh2 Ne6 39. Bg2+ Kc5 40. Bg1+ Kd6 41. Bf1 Ke5 42. Kd3 Kf4 43. Kc4 Kg3
44. Kb5 Nf4 45. c4 Nxh3 46. Bxh3 Kxh3 47. c5 Kxg4 48. c6 Bc7 49. Bb6 1-0

[Event "11th WUCC Men"]
[Site "Zuerich SUI"]
[Date "2010.09.08"]
[Round "6"]
[White "Viela,A"]
[Black "Kukov,V"]
[Result "1-0"]
[WhiteElo "2224"]
[BlackElo "2395"]
[EventDate "2010.09.05"]

1. e4 c6 2. d4 d5 3. exd5 cxd5 4. Bd3 Nc6 5. c3 Nf6 6. Nd2 Bg4 7. Qb3 Qc8
8. Ne2 e6 9. O-O Bd6 10. Re1 Bh5 11. Nf1 Bg6 12. Bxg6 hxg6 13. Bf4 Be7 14.
Nfg3 Nd7 15. Nc1 O-O 16. Nd3 a6 17. Qd1 Na5 18. a4 b6 19. Nf1 Nc4 20. Nd2
Qc6 21. Nxc4 dxc4 22. Ne5 Nxe5 23. Bxe5 b5 24. b4 a5 25. axb5 Qxb5 26. bxa5
Rxa5 27. Rb1 Qa6 28. Qf3 Ra8 29. h3 Rd5 30. Kh2 Rad8 31. Qe2 Qc6 32. Qb2
Bf6 33. Bxf6 gxf6 34. Qb6 Qa4 35. Rb4 Qc2 36. Rxe6 fxe6 37. Qxe6+ Kg7 38.
Rb7+ Kh6 39. Qxf6 Qf5 40. Qg7+ Kg5 41. Rf7 R8d7 42. Rxf5+ Kxf5 43. Qf8+ Ke6
44. Qc8 Kf6 45. Qxc4 R5d6 46. Qd3 Rd5 47. Qe4 R5d6 48. g4 Kf7 49. Kg3 Rd5
50. f4 R5d6 51. f5 gxf5 52. Qxf5+ Kg7 53. h4 Re7 54. d5 Re3+ 55. Kf2 Re7
56. Qg5+ Kf7 57. h5 Rc7 58. Qe5 Rf6+ 59. Kg3 Re7 60. Qd4 Rd7 61. c4 Rb7 62.
d6 Rb3+ 63. Kh4 Rf1 64. d7 Rh1+ 65. Kg5 Rbh3 66. Qf6+ 1-0

[Event "11th WUCC Men"]
[Site "Zuerich SUI"]
[Date "2010.09.08"]
[Round "6"]
[White "Carron,J"]
[Black "Costa,JoaoG"]
[Result "1-0"]
[WhiteElo "2394"]
[BlackElo "2186"]
[EventDate "2010.09.05"]

1. d4 f5 2. Nf3 Nf6 3. g3 g6 4. Bg2 Bg7 5. O-O O-O 6. b3 d6 7. Bb2 Na6 8.
Nbd2 c5 9. e3 Bd7 10. c4 Rb8 11. Qe2 b5 12. Rfd1 Qc8 13. Rac1 bxc4 14. Nxc4
Bb5 15. dxc5 Nxc5 16. Nd4 Ba6 17. Qe1 Bb7 18. Bxb7 Qxb7 19. Na5 Qd7 20.
Ndc6 Rb5 21. a4 Rxb3 22. Bxf6 Nd3 23. Rxd3 Rxd3 24. Qe2 Ra3 25. Bxg7 1-0

[Event "11th WUCC Men"]
[Site "Zuerich SUI"]
[Date "2010.09.08"]
[Round "6"]
[White "Akkozov,B"]
[Black "Hoffmann,Pau"]
[Result "1/2-1/2"]
[WhiteElo "2283"]
[BlackElo "2372"]
[EventDate "2010.09.05"]

1. d4 e6 2. c4 Nf6 3. Nf3 b6 4. g3 Bb4+ 5. Bd2 Be7 6. Bg2 Bb7 7. O-O O-O 8.
Nc3 d5 9. cxd5 Nxd5 10. Re1 Nxc3 11. bxc3 Be4 12. Ne5 Bxg2 13. Kxg2 c5 14.
Qa4 f6 15. Nf3 Qd7 16. Qxd7 Nxd7 17. e4 cxd4 18. cxd4 Rfc8 1/2-1/2

[Event "11th WUCC Men"]
[Site "Zuerich SUI"]
[Date "2010.09.08"]
[Round "6"]
[White "Soozankar,Amohammad"]
[Black "Gaehler,M"]
[Result "0-1"]
[WhiteElo "2299"]
[BlackElo "2289"]
[EventDate "2010.09.05"]

1. d4 Nf6 2. Nc3 d5 3. Nf3 e6 4. Bf4 Be7 5. e3 O-O 6. Bd3 c5 7. dxc5 Qa5 8.
O-O Qxc5 9. e4 dxe4 10. Nxe4 Nxe4 11. Bxe4 Nd7 12. c3 Nf6 13. Bc2 b6 14.
Ng5 Bb7 15. Qd3 Rfd8 16. Qh3 h6 17. Nf3 Rd5 18. Rfe1 Rad8 19. Be5 Rd2 20.
Bd4 R2xd4 21. Nxd4 Rxd4 22. cxd4 Qxc2 23. Rac1 Qxb2 24. Qg3 Bd5 25. Qb8+
Kh7 26. Rc8 Qxd4 27. h3 Nh5 28. Qxa7 Qd2 29. Rf1 Qg5 30. f3 Nf4 31. Rc2
Bc5+ 32. Kh1 Qg6 33. Qa4 Nh5 34. Rxc5 bxc5 35. Rc1 c4 36. Qc2 f5 37. a4 Nf4
38. a5 Qg3 39. Rf1 Nxh3 40. a6 Nf4 41. a7 h5 42. Qf2 Qg5 43. Rd1 Nd3 44.
Qd4 Qg3 45. Rb1 h4 0-1

[Event "11th WUCC Men"]
[Site "Zuerich SUI"]
[Date "2010.09.08"]
[Round "6"]
[White "Botvinnik,M ISR"]
[Black "Meier,P SEY"]
[Result "1/2-1/2"]
[WhiteElo "2337"]
[BlackElo "2047"]
[EventDate "2010.09.05"]

1. Nf3 Nf6 2. c4 b6 3. g3 Bb7 4. Bg2 g6 5. d4 Bg7 6. O-O O-O 7. Nc3 d6 8.
d5 c5 9. Bf4 Nbd7 10. e4 Ng4 11. Nd2 Nde5 12. h3 Nf6 13. Be3 Ne8 14. f4 Nd7
15. Nf3 Rb8 16. Re1 a6 17. a4 Bc8 18. Bf2 Qc7 19. Qe2 e5 20. dxe6 fxe6 21.
Ng5 Ndf6 22. e5 dxe5 23. fxe5 Nh5 24. Qg4 Rf5 25. Nf3 Bb7 26. Nh4 Bxg2 27.
Kxg2 Qc6+ 28. Qe4 Qxe4+ 29. Nxe4 Rxe5 30. Nf3 Rf5 31. a5 bxa5 32. Rxa5 Rxb2
33. Rxc5 Nhf6 34. Rc8 Nxe4 35. Rxe4 Kf7 36. c5 Rc2 37. Rf4 e5 38. Re4 Bf6
39. Ra8 Rc3 40. Ne1 Ra3 41. Ra7+ Ke6 42. Re2 Be7 43. Nc2 Rxf2+ 44. Rxf2
Bxc5 45. Nxa3 Bxa7 46. Rc2 Kd7 47. Kf3 Nf6 48. Nc4 Bd4 49. Ra2 e4+ 50. Kf4
Kc6 51. Ne3 Kb5 52. Rd2 g5+ 53. Kf5 Bxe3 54. Rd6 Ne8 55. Rd8 Nc7 56. Kxe4
Bf2 57. Kf3 Bc5 58. Rd7 Ne6 59. Rxh7 a5 60. Ke4 Nd4 61. Kd3 Nf5 62. g4 Nd4
63. Rb7+ Kc6 64. Rb8 Nf3 65. Ke4 Ng1 66. Rc8+ Kb5 67. Kd5 Bb4 68. Rh8 Ka4
69. Rh5 Bd2 70. h4 Nf3 71. hxg5 Nxg5 1/2-1/2

[Event "11th WUCC Men"]
[Site "Zuerich SUI"]
[Date "2010.09.08"]
[Round "6"]
[White "Kumar,Ve"]
[Black "Otte,Mari"]
[Result "1/2-1/2"]
[WhiteElo "1983"]
[BlackElo "2264"]
[EventDate "2010.09.05"]

1. e4 c5 2. Nc3 e6 3. f4 d5 4. Nf3 a6 5. g3 b5 6. d3 b4 7. Nb1 dxe4 8. dxe4
Qxd1+ 9. Kxd1 Bb7 10. Nbd2 Nf6 11. Bd3 c4 12. Nxc4 Nxe4 13. Ke2 Nd7 14. Be3
Nec5 15. Rhd1 Nxd3 16. Rxd3 Rc8 17. Rxd7 Bxf3+ 18. Kxf3 Kxd7 19. Nb6+ Kc7
20. Nxc8 Kxc8 21. Re1 Bd6 22. Bd4 Rg8 23. Rd1 Kc7 24. Ke4 f5+ 25. Kf3 g5
26. Re1 gxf4 27. gxf4 Kd7 28. h3 Rg6 29. c4 bxc3 30. bxc3 Rh6 31. Kg3 Rg6+
32. Kf3 Rh6 33. Kg3 1/2-1/2

[Event "11th WUCC Men"]
[Site "Zuerich SUI"]
[Date "2010.09.08"]
[Round "6"]
[White "Herath,H"]
[Black "Kalugampitiya,R"]
[Result "1/2-1/2"]
[WhiteElo "1884"]
[BlackElo "2095"]
[EventDate "2010.09.05"]

1. d4 Nf6 2. c4 g6 3. Nc3 Bg7 4. e4 d6 5. Nf3 O-O 6. Be2 e5 7. O-O Nc6 8.
d5 Ne7 9. b4 Ne8 10. c5 f5 11. Ng5 f4 12. Bg4 Nf5 13. Ne6 Bxe6 14. dxe6 Nd4
15. Nd5 Bf6 16. Bb2 dxc5 17. bxc5 c6 18. e7 Bxe7 19. Nxe7+ Qxe7 20. Bxd4
exd4 21. Qxd4 Nf6 22. Bf3 Rad8 23. Qc4+ Kg7 24. Rab1 Rd7 25. Rb4 Qe5 26.
Rfb1 Rff7 27. h3 h5 28. Qc2 Rfe7 29. R1b3 g5 30. Qc3 Qxc3 31. Rxc3 g4 32.
hxg4 hxg4 33. Be2 Nxe4 34. Rcc4 Nf6 35. Rc2 Nd5 36. Rd4 Nc3 37. Rxd7 Nxe2+
38. Rxe2 Rxd7 39. Re4 Rf7 40. g3 Kg6 41. gxf4 Kf5 42. Rb4 Rd7 43. Kg2 Rh7
44. Kg3 Rh3+ 45. Kg2 Ra3 46. Rxb7 Kxf4 47. Rc7 Rxa2 48. Rxc6 g3 49. Rf6+
Ke5 50. Rh6 Rxf2+ 51. Kxg3 Rf7 52. Rh1 Kd5 53. Rc1 Kc6 54. Rc2 a5 55. Ra2
Ra7 56. Kf4 Kxc5 57. Ke3 Kb4 58. Kd2 Kb3 59. Rc2 Rh7 60. Rc3+ Kb4 61. Rg3
Rc7 62. Rg8 a4 63. Rb8+ Ka3 64. Rb6 Ka2 65. Rb8 a3 66. Rb6 Rh7 67. Kc2 Rh2+
68. Kc1 Rh1+ 69. Kc2 Rg1 70. Rb8 1/2-1/2

[Event "11th WUCC Men"]
[Site "Zuerich SUI"]
[Date "2010.09.10"]
[Round "7"]
[White "Nikolov,Mo"]
[Black "Wang Yue"]
[Result "0-1"]
[WhiteElo "2549"]
[BlackElo "2732"]
[EventDate "2010.09.05"]

1. d4 Nf6 2. c4 g6 3. f3 Nc6 4. d5 Ne5 5. e4 d6 6. Nc3 Bg7 7. f4 Ned7 8.
Nf3 O-O 9. Bd3 e6 10. O-O exd5 11. exd5 c6 12. dxc6 bxc6 13. Kh1 Nc5 14.
Be3 Ng4 15. Bg1 Rb8 16. Na4 Re8 17. Nxc5 dxc5 18. Bxc5 Rxb2 19. Ne5 Bxe5
20. fxe5 Nxe5 21. Bc2 Qxd1 22. Bxd1 Nd3 23. Bd4 Rd2 24. Bxa7 c5 25. Bf3 Be6
26. a4 Bxc4 27. Rfb1 Ne5 28. Re1 f6 29. Bxc5 Rc8 30. Be3 Nxf3 31. gxf3 Rc2
32. Kg1 Bd5 33. Rf1 Re2 34. Rae1 Ra2 35. Ra1 Rcc2 36. Rxa2 Rxa2 37. Bb6
Rxa4 38. Kg2 Ra3 39. h4 Kf7 40. Bc7 Ke6 41. Kg3 Kf5 42. Bd6 Rb3 43. Bc5 h5
44. Kf2 g5 45. hxg5 fxg5 46. Be3 Rb2+ 47. Kg3 h4+ 48. Kh3 Rb3 49. Bd2 Bxf3
50. Be1 Kg6 51. Kh2 Rb2+ 52. Rf2 Rb1 53. Rf1 Kh5 54. Rxf3 Rxe1 0-1

[Event "11th WUCC Men"]
[Site "Zuerich SUI"]
[Date "2010.09.10"]
[Round "7"]
[White "Ismagambetov,An"]
[Black "Khmelniker,I"]
[Result "1/2-1/2"]
[WhiteElo "2492"]
[BlackElo "2483"]
[EventDate "2010.09.05"]

1. Nf3 Nf6 2. c4 g6 3. Nc3 d5 4. Qa4+ Bd7 5. Qb3 dxc4 6. Qxc4 Bg7 7. Ne5
Be6 8. Qb5+ Nbd7 9. Nxd7 Qxd7 10. Qxb7 O-O 11. Qb5 c6 12. Qa4 Rab8 13. g3
Bh3 14. Bxh3 Qxh3 15. b3 Qg2 16. Rf1 Nd5 17. Bb2 Nxc3 18. Bxc3 Bxc3 19.
dxc3 Rbd8 20. Qxa7 Rd6 21. f4 Qxh2 22. Qf2 Qh5 23. Qf3 Qc5 24. a4 Rfd8 25.
a5 Re6 26. b4 Qc4 27. Kf2 c5 28. a6 1/2-1/2

[Event "11th WUCC Men"]
[Site "Zuerich SUI"]
[Date "2010.09.10"]
[Round "7"]
[White "Benidze,D"]
[Black "Popovic,Du"]
[Result "1-0"]
[WhiteElo "2504"]
[BlackElo "2565"]
[EventDate "2010.09.05"]

1. d4 d6 2. c4 g6 3. Nc3 Bg7 4. Nf3 Nf6 5. g3 O-O 6. Bg2 Nbd7 7. O-O e5 8.
e3 exd4 9. exd4 d5 10. c5 c6 11. Bf4 Re8 12. Re1 Nf8 13. Rxe8 Nxe8 14. Qd2
Ne6 15. Be3 b6 16. b4 bxc5 17. bxc5 Rb8 18. Rb1 Ba6 19. Qc2 N8c7 20. h4
Rxb1+ 21. Nxb1 Qb8 22. Nbd2 Be2 23. Nb3 Qb5 24. Qd2 Bc4 25. Na5 Qa4 26. Bh3
Bb5 27. Kh2 h5 28. g4 hxg4 29. Bxg4 Nxc5 30. Nb3 Ne4 31. Qc2 f5 32. Bh3 Qc4
33. Qd1 Qe2 34. Qxe2 Bxe2 35. Ne5 Bxe5+ 36. dxe5 a6 37. Nd4 Bb5 38. h5 gxh5
39. Bxf5 c5 40. Nxb5 axb5 41. f3 d4 42. Bxd4 cxd4 43. Bxe4 Kf8 44. Kg3 Ne6
45. Bg6 h4+ 46. Kxh4 Nf4 47. Bc2 d3 48. Bb3 d2 49. Kg5 Nd3 50. Kf6 Nf2 51.
e6 d1=Q 52. e7+ Ke8 53. Bf7+ Kd7 54. e8=Q+ Kc7 55. Qe7+ Qd7 56. Qxd7+ Kxd7
57. f4 Kd6 58. Kf5 b4 59. Bb3 Nd3 60. Ke4 Nf2+ 61. Kd4 1-0

[Event "11th WUCC Men"]
[Site "Zuerich SUI"]
[Date "2010.09.10"]
[Round "7"]
[White "Miljkovic,Mir1"]
[Black "Lysyj,I"]
[Result "1/2-1/2"]
[WhiteElo "2510"]
[BlackElo "2638"]
[EventDate "2010.09.05"]

1. d4 e6 2. c4 Nf6 3. Nc3 Bb4 4. Qc2 d6 5. e3 c5 6. Bd3 Nc6 7. Nge2 e5 8.
d5 Bxc3+ 9. bxc3 Ne7 10. O-O Ng6 1/2-1/2

[Event "11th WUCC Men"]
[Site "Zuerich SUI"]
[Date "2010.09.10"]
[Round "7"]
[White "Sulashvili,M"]
[Black "Ponkratov,P"]
[Result "1/2-1/2"]
[WhiteElo "2500"]
[BlackElo "2592"]
[EventDate "2010.09.05"]

1. d4 Nf6 2. Nf3 c5 3. e3 e6 4. c4 cxd4 5. exd4 b6 6. Nc3 Bb4 7. Bd2 O-O 8.
Bd3 Bb7 9. O-O d5 10. cxd5 Nxd5 11. Re1 Be7 12. Rc1 Nd7 13. Qe2 Rc8 14.
Nxd5 Bxd5 15. Be4 Rxc1 16. Rxc1 Qa8 17. Bxd5 Qxd5 18. Qc4 Qxc4 19. Rxc4 Bd6
20. Rc6 Bb8 21. g3 Nf6 22. Bb4 Re8 23. Kf1 Nd5 24. Bd6 Bxd6 25. Rxd6 f6 26.
Rd7 a5 27. Nd2 Rc8 28. Ne4 Rc2 29. Nd6 g5 30. Ne8 f5 31. Ng7 Nf6 32. Rb7
Rc6 33. h3 Rd6 34. f3 h6 35. Re7 Rxd4 36. Nxe6 Rd2 37. Ng7 Nd5 38. Rb7 Ne3+
39. Ke1 Rxb2 40. Nh5 Kf8 41. Nf6 Rc2 42. a4 Ng2+ 43. Kd1 Ne3+ 44. Ke1 Rc6
45. Nd7+ Ke8 46. Nxb6 f4 47. gxf4 Ng2+ 48. Kf2 Nxf4 49. Kg3 Rc2 50. Kg4 Rc5
51. h4 h5+ 52. Kg3 Ng6 53. hxg5 Rxg5+ 54. Kf2 Rc5 55. Nd7 Rf5 56. Nb8 h4
57. Nc6 Rc5 58. Nd4 Rc4 59. Ne6 Rxa4 60. Rc7 Ne7 61. Ng7+ Kf8 62. Ne6+ Kf7
63. Ng5+ Ke8 64. Kg2 Nd5 65. Rh7 Nf4+ 66. Kf2 Rb4 67. Rxh4 Nd3+ 68. Kg3
Rxh4 69. Kxh4 Nc5 70. f4 a4 71. Nf3 Ne6 72. Ne1 Nxf4 73. Kg4 Nd5 74. Nc2
Ke7 75. Kf3 Kd6 76. Ke4 Kc5 77. Kd3 Kb5 78. Kd4 Nc7 79. Kc3 Kc5 80. Kb2 Nb5
81. Na3 Nxa3 82. Kxa3 Kd4 1/2-1/2